The Before Trilogy : Before Sunrise /

محفوظ في:
التفاصيل البيبلوغرافية
المؤلف الرئيسي: Linklater, Richard (realización)
مؤلفون آخرون: Linklater, Richard (guión) (guión), Krizan, Kim (guión) (guión), Daniel, Lee (fotógrafo) (fotógrafo), Welley, Florentina (vestuario) (vestuario), Adair, Sandra (montaje) (montaje), Frith, Fred (música) (música), Hawke, Ethan (actuación) (actuación), Delpy, Julie (actuación) (actuación), Eckert, Andrea (actuación) (actuación), Jones, Kent (entrevista) (entrevista), Johnson, Dave (entrevista) (entrevista), Stone, Rob (entrevista) (entrevista), Arosteguy, Susan (producción) (producción)
التنسيق: شريحة
اللغة:الإنجليزية
الطبعة:Edición especial aprobada por el realizador
سلاسل:(Criterion Collection ; 856/1)
(Criterion Collection ; 857)
الموضوعات:
الوسوم: إضافة وسم
لا توجد وسوم, كن أول من يضع وسما على هذه التسجيلة!

MARC

LEADER 00000ngm^a2200000^a^4500
001 000432454
005 20250521000000.0
008 211011 20172017
009 20260310123015.857
020 |a 978-1-68143-251-9 
020 |a 978-1-68143-249-6 
037 |a Acervo ITESO - Biblioteca 
041 |a ING 
082 |a 808. 8  |b CRI V. 857 
100 |a Linklater, Richard  |e (realización) 
240 1 1 |a [Antes del... trilogía de Richard Linklater] 
240 1 5 |a [The Before Trilogy] 
240 1 1 |a [Antes del amanecer] 
245 1 4 |a The Before Trilogy :  |b Before Sunrise /  |c Realización de R. Linklater. 
246 2 |a Título en México: Antes del amanecer 
250 |a Edición especial aprobada por el realizador 
264 2 |a Nueva York, EUA :  |b Criterion Collection [distribución],  |c 2017, c2017 
300 |a 1 blu-ray región A (101, 43, 39, 5 min.) :  |b color 
336 |a imagen móvil bidimensional  |b tdi  |2 rdacontenido 
337 |a video  |b v  |2 rdamedio 
338 |a videodisco  |b vd  |2 rdasoporte 
440 1 |a (Criterion Collection ;  |v 856/1) 
440 1 |a (Criterion Collection ;  |v 857) 
530 |a Existe una edición en formato audiovisual en DVD con el mismo título 
546 |a En inglés, con subtítulos opcionales: inglés 
586 |a Festival Internacional de Cine de Berlín (45º: 1995): Premio a la Mejor Dirección (Oso de Plata) 
649 |a XX 
650 |a Cineastas Norteamericanos -  |x Entrevistas 
650 |a Guionistas Norteamericanos -  |x Entrevistas 
650 |a Guionistas Franceses -  |x Entrevistas 
650 |a Actores Norteamericanos -  |x Entrevistas 
650 |a Actores Franceses -  |x Entrevistas 
650 |a Norteamericanos en Europa -  |x Condiciones Sociales y Culturales 
650 |a Jóvenes en el Cine 
650 |a Ferrocarriles en el Cine 
650 |a Comedias Románticas 
650 |a Comedias Cinematográficas 
650 |a Dramas Cinematográficos 
650 |a Cine Independiente -  |z EUA 
650 |a Cine Norteamericano -  |y 1990-1999 
650 |a Cine Norteamericano -  |y Siglo XX 
650 |a Cine Norteamericano -  |x Historia y Crítica 
650 |a Conversaciones 
650 |a Tiempo (Concepto) 
650 |a Azar 
650 |a Intimidad 
650 |a Enamoramiento 
650 |a Amor -  |x Tema Principal 
650 |a Atracción Interpersonal 
650 |a Relaciones de Pareja 
650 |a Relaciones Intergénero 
650 |a Comunicación Personal 
650 |a Viajes y Travesías -  |z Viena, Austria 
650 |a Vida Nocturna -  |z Viena, Austria 
650 |a Prácticas Culturales -  |z Viena, Austria 
650 |a Viena, Austria en el Cine 
650 |a Linklater, Richard 
650 |a Hawke, Ethan 
650 |a Delpy, Julie 
650 |a Jones, Kent 
650 |a Johnson, Dave 
650 |a Stone, Rob 
740 0 |a Before Sunrise /  |c Realización de R. Linklater. 
700 |a Linklater, Richard  |e (guión) 
700 |a Krizan, Kim  |e (guión) 
700 |a Daniel, Lee  |e (fotógrafo) 
700 |a Welley, Florentina  |e (vestuario) 
700 |a Adair, Sandra  |e (montaje) 
700 |a Frith, Fred  |e (música) 
700 |a Hawke, Ethan  |e (actuación) 
700 |a Delpy, Julie  |e (actuación) 
700 |a Eckert, Andrea  |e (actuación) 
700 |a Jones, Kent  |e (entrevista) 
700 |a Johnson, Dave  |e (entrevista) 
700 |a Stone, Rob  |e (entrevista) 
700 |a Arosteguy, Susan  |e (producción) 
740 4 |a The Space In Between /  |c R. Linklater, E. Hawke, J. Delpy ; entrevista de K. Jones ; producción de S. Arosteguy. 
740 0 |a 3x2 :  |b A Conversation Between Dave Johnson and Rob Stone /  |c Entrevista a D. Johnson, R. Stone ; producción de S. Arosteguy. 
910 |a Fondo General 
920 |a Audiovisuales - Blu-rays 
940 |a Películas 
905 |a 309 
901 |a 0500349823  |b IT2  |c BRR  |i C172972  |u 20250521 
902 |a https://opac.biblio.iteso.mx/vufind/Record/000432454